Solar Storms - Statistics

General Stats
  • This quiz has been taken 5 times
  • The average score is 7 of 11
Answer Stats
Hint Answer % Correct
Occurs when magnetic lines cross + knock part of the corona into space. They include high energy particles, energy + plasma Coronal Mass Ejection
100%
A loop of magnetism and plasma that protrudes out of the sun's surface Prominence
100%
Occurs when magnetic lines cross + "spark" that sends high energy particles + energy into space Solar flare
100%
Background radiation/energy that is always being emitted from the sun Solar wind
100%
Dark cooler spots on the photosphere that occur when magnetic field lines poke through the sun's surface Sunspots
100%
Name a consequence of a solar storm on earth Airplane tracking
50%
Name a consequence of a solar storm on earth Astronauts
50%
Name a consequence of a solar storm on earth GPS
50%
Name a consequence of a solar storm on earth communication
0%
Name a consequence of a solar storm on earth lose power
0%
Name a consequence of a solar storm on earth start fires in electric grid
0%
No matching quizzes found
Score Distribution
Percent of People with Each Score
Percentile by Number Answered
Your Score History
You have not taken this quiz